<?xml version="1.0" encoding="UTF-8"?>
<record
    xmlns:xsi="http://www.w3.org/2001/XMLSchema-instance"
    xsi:schemaLocation="http://www.loc.gov/MARC21/slim http://www.loc.gov/standards/marcxml/schema/MARC21slim.xsd"
    xmlns="http://www.loc.gov/MARC21/slim">

  <leader>03708nam a2200325 a 4500</leader>
  <controlfield tag="001">000012899</controlfield>
  <controlfield tag="005">20240306073902.0</controlfield>
  <controlfield tag="008">091117s2001    dr ac         000 0 spa d</controlfield>
  <datafield tag="020" ind1=" " ind2=" ">
    <subfield code="a">8482614061 (v. 1)</subfield>
  </datafield>
  <datafield tag="020" ind1=" " ind2=" ">
    <subfield code="a">848261407X (v. 2)</subfield>
  </datafield>
  <datafield tag="020" ind1=" " ind2=" ">
    <subfield code="a">8482614088 (v. 3)</subfield>
  </datafield>
  <datafield tag="020" ind1=" " ind2=" ">
    <subfield code="a">8482614096 (v. 4)</subfield>
  </datafield>
  <datafield tag="040" ind1=" " ind2=" ">
    <subfield code="a">DO-SdBNP</subfield>
    <subfield code="b">spa</subfield>
    <subfield code="c">BNPHU</subfield>
  </datafield>
  <datafield tag="082" ind1=" " ind2=" ">
    <subfield code="a">xxxx</subfield>
    <subfield code="b">R382</subfield>
  </datafield>
  <datafield tag="100" ind1="1" ind2=" ">
    <subfield code="a">Rodr&#xED;guez, Federico</subfield>
    <subfield code="9">29575</subfield>
  </datafield>
  <datafield tag="245" ind1="1" ind2="0">
    <subfield code="a">Religi&#xF3;n :</subfield>
    <subfield code="b">educaci&#xF3;n media /</subfield>
    <subfield code="c">Federico Rodr&#xED;guez ; direcci&#xF3;n editorial Obdulia Garc&#xED;a de Escobar ; ilustraci&#xF3;n Ruddy N&#xFA;&#xF1;ez.</subfield>
  </datafield>
  <datafield tag="260" ind1=" " ind2=" ">
    <subfield code="a">Santo Domingo :</subfield>
    <subfield code="b">Santillana,</subfield>
    <subfield code="c">2001.</subfield>
  </datafield>
  <datafield tag="300" ind1=" " ind2=" ">
    <subfield code="a">4 v. :</subfield>
    <subfield code="b">il., retrs. ;</subfield>
    <subfield code="c">28 cm.</subfield>
  </datafield>
  <datafield tag="490" ind1="1" ind2=" ">
    <subfield code="a">Umbral</subfield>
  </datafield>
  <datafield tag="500" ind1=" " ind2=" ">
    <subfield code="a">Educaci&#xF3;n media.</subfield>
  </datafield>
  <datafield tag="500" ind1=" " ind2=" ">
    <subfield code="a">Formaci&#xF3;n integral, humana y religiosa.</subfield>
  </datafield>
  <datafield tag="500" ind1=" " ind2=" ">
    <subfield code="a">Este libro ha sido realizado de conformidad con el curr&#xED;culum vigente y ha sido sometido a la aprobaci&#xF3;n de la SEE</subfield>
  </datafield>
  <datafield tag="505" ind1="0" ind2=" ">
    <subfield code="a">v. 1 :</subfield>
    <subfield code="g">1er. curso/ 1er. ciclo --</subfield>
    <subfield code="g">unidad 1 --</subfield>
    <subfield code="t">Los or&#xED;genes de Israel --</subfield>
    <subfield code="g">unidad 2 --</subfield>
    <subfield code="t">Los patriarcas --</subfield>
    <subfield code="g">unidad 3 --</subfield>
    <subfield code="t">El &#xE9;xodo y la alianza --</subfield>
    <subfield code="g">unidad 4 --</subfield>
    <subfield code="t">Jueces y reyes. Cautividad en Babilonia --</subfield>
    <subfield code="g">unidad 5 --</subfield>
    <subfield code="t">La vuelta del exilio. El mesianismo --</subfield>
    <subfield code="g">unidad 6 --</subfield>
    <subfield code="t">La biblia: historia de salvaci&#xF3;n --</subfield>
    <subfield code="g">unidad 7 --</subfield>
    <subfield code="t">Los libros del antiguo testamento --</subfield>
    <subfield code="g">unidad 8 --</subfield>
    <subfield code="t">Los libros del nuevo testamento --</subfield>
    <subfield code="g">unidad 9 --</subfield>
    <subfield code="t">La interpretaci&#xF3;n de la biblia --</subfield>
    <subfield code="g">unidad 10 --</subfield>
    <subfield code="t">La biblia y la vida cristiana --</subfield>
  </datafield>
  <datafield tag="505" ind1="0" ind2=" ">
    <subfield code="a">v. 2 :</subfield>
    <subfield code="g">1er. curso/ 1er. ciclo --</subfield>
    <subfield code="g">unidad 1 --</subfield>
    <subfield code="t">Israel en tiempos de Jes&#xFA;s --</subfield>
    <subfield code="g">unidad 2 --</subfield>
    <subfield code="t">Jes&#xFA;s personaje hist&#xF3;rico --</subfield>
    <subfield code="g">unidad 3 --</subfield>
    <subfield code="t">Jes&#xFA;s el Mes&#xED;as anunciado --</subfield>
    <subfield code="g">unidad 4 --</subfield>
    <subfield code="t">El mensaje de Jes&#xFA;s --</subfield>
    <subfield code="g">unidad 5 --</subfield>
    <subfield code="t">Jes&#xFA;s, centro de la fe cristiana --</subfield>
    <subfield code="g">unidad 6 --</subfield>
    <subfield code="t">Los cristianos continuadores de la obra de Jes&#xFA;s --</subfield>
    <subfield code="g">unidad 7 --</subfield>
    <subfield code="t">La comunidad, animada por el Esp&#xED;ritu --</subfield>
    <subfield code="g">unidad 8 --</subfield>
    <subfield code="t">La iglesia, sacramento de la salvaci&#xF3;n. La Eucarist&#xED;a --</subfield>
    <subfield code="g">unidad 9 --</subfield>
    <subfield code="t">Los sacramentos de iniciaci&#xF3;n y de curaci&#xF3;n --</subfield>
    <subfield code="g">unidad 10 --</subfield>
    <subfield code="t">Los sacramentos al servicio de la comunidad --</subfield>
  </datafield>
  <datafield tag="505" ind1="0" ind2=" ">
    <subfield code="a">v. 3 :</subfield>
    <subfield code="g">1er. curso/2do. ciclo --</subfield>
    <subfield code="g">unidad 1 --</subfield>
    <subfield code="t">Las grandes preguntas --</subfield>
    <subfield code="g">unidad 2 --</subfield>
    <subfield code="t">&#xBF;Qu&#xE9; es la religi&#xF3;n? --</subfield>
    <subfield code="g">unidad 3 --</subfield>
    <subfield code="t">La religi&#xF3;n y los mitos --</subfield>
    <subfield code="g">unidad 4 --</subfield>
    <subfield code="t">Ateos y creyentes --</subfield>
    <subfield code="g">unidad 5 --</subfield>
    <subfield code="t">Religi&#xF3;n y sociedad --</subfield>
    <subfield code="g">unidad 6 --</subfield>
    <subfield code="t">Pasado y presente de las religiones --</subfield>
    <subfield code="g">unidad 7 --</subfield>
    <subfield code="t">Las religiones orientales --</subfield>
    <subfield code="g">unidad 8 --</subfield>
    <subfield code="t">El Islam --</subfield>
    <subfield code="g">unidad 9 --</subfield>
    <subfield code="t">El juda&#xED;smo --</subfield>
    <subfield code="g">unidad 10 --</subfield>
    <subfield code="t">El cristianismo --</subfield>
    <subfield code="g">unidad 11 --</subfield>
    <subfield code="t">Las primeras comunidades cristianas --</subfield>
    <subfield code="g">unidad 12 --</subfield>
    <subfield code="t">La iglesia hasta el siglo V --</subfield>
    <subfield code="g">unidad 13 --</subfield>
    <subfield code="t">La iglesia en la edad media --</subfield>
    <subfield code="g">unidad 14 --</subfield>
    <subfield code="t">La iglesia desde el siglo XVI hasta el siglo XIX --</subfield>
    <subfield code="g">unidad 15 --</subfield>
    <subfield code="t">La iglesia en el siglo XX --</subfield>
    <subfield code="g">unidad 16 --</subfield>
    <subfield code="t">Mar&#xED;a, Madre de Dios --</subfield>
  </datafield>
  <datafield tag="505" ind1="0" ind2=" ">
    <subfield code="a">v. 4 :</subfield>
    <subfield code="g">2do. curso/2do. ciclo --</subfield>
    <subfield code="g">unidad 1 --</subfield>
    <subfield code="t">Razones para creer --</subfield>
    <subfield code="g">unidad 2 --</subfield>
    <subfield code="t">Conocer mejor la Biblia --</subfield>
    <subfield code="g">unidad 3 --</subfield>
    <subfield code="t">La fe en Jesucristo resucitado --</subfield>
    <subfield code="g">unidad 4 --</subfield>
    <subfield code="t">La fe en la divinidad de Jes&#xFA;s --</subfield>
    <subfield code="g">unidad 5 --</subfield>
    <subfield code="t">La salvaci&#xF3;n cristiana --</subfield>
    <subfield code="g">unidad 6 --</subfield>
    <subfield code="t">Una comunidad de hermanos --</subfield>
    <subfield code="g">unidad 7 --</subfield>
    <subfield code="t">Una historia de luces y sombras --</subfield>
    <subfield code="g">unidad 8 --</subfield>
    <subfield code="t">Unos s&#xED;mbolos como expresi&#xF3;n de la vida --</subfield>
    <subfield code="g">unidad 9 --</subfield>
    <subfield code="t">Un sacramento para cada momento esencial de la vida --</subfield>
    <subfield code="g">unidad 10 --</subfield>
    <subfield code="t">Un compromiso con la sociedad y con el mundo --</subfield>
    <subfield code="g">unidad 11 --</subfield>
    <subfield code="t">Moral del matrimonio y la familia --</subfield>
    <subfield code="g">unidad 12 --</subfield>
    <subfield code="t">Moral de la vida humana --</subfield>
    <subfield code="g">unidad 13 --</subfield>
    <subfield code="t">Persona, afectiva y sexualidad --</subfield>
    <subfield code="g">unidad 14 --</subfield>
    <subfield code="t">Moral de los bienes materiales --</subfield>
    <subfield code="g">unidad 15 --</subfield>
    <subfield code="t">Moral de la pol&#xED;tica --</subfield>
    <subfield code="g">unidad 16 --</subfield>
    <subfield code="t">Moral de la cultura y de la ciencia --</subfield>
  </datafield>
  <datafield tag="700" ind1="1" ind2=" ">
    <subfield code="a">Garc&#xED;a Escobar, Obdulia de</subfield>
    <subfield code="e">dir. ed.</subfield>
    <subfield code="9">29220</subfield>
  </datafield>
  <datafield tag="700" ind1="1" ind2=" ">
    <subfield code="a">N&#xFA;&#xF1;ez, Ruddy,</subfield>
    <subfield code="e">il.</subfield>
    <subfield code="9">23171</subfield>
  </datafield>
  <datafield tag="830" ind1=" " ind2="0">
    <subfield code="a">Umbral</subfield>
    <subfield code="9">29222</subfield>
  </datafield>
  <datafield tag="952" ind1=" " ind2=" ">
    <subfield code="0">0</subfield>
    <subfield code="1">0</subfield>
    <subfield code="5">2</subfield>
    <subfield code="7">-1</subfield>
    <subfield code="8">DS</subfield>
    <subfield code="a">GR</subfield>
    <subfield code="b">GR</subfield>
    <subfield code="c">OI</subfield>
    <subfield code="d">2010-02-10</subfield>
    <subfield code="i">LF1</subfield>
    <subfield code="l">0</subfield>
    <subfield code="o">xxxx R382</subfield>
    <subfield code="p">12899-30</subfield>
    <subfield code="r">2020-06-25</subfield>
    <subfield code="t">e. 3</subfield>
    <subfield code="w">2020-06-25</subfield>
    <subfield code="y">LFDS</subfield>
    <subfield code="Z">Pr&#xE9;stamo interno</subfield>
  </datafield>
  <datafield tag="952" ind1=" " ind2=" ">
    <subfield code="0">0</subfield>
    <subfield code="1">0</subfield>
    <subfield code="7">1</subfield>
    <subfield code="8">PD</subfield>
    <subfield code="a">PD</subfield>
    <subfield code="b">PD</subfield>
    <subfield code="c">HD</subfield>
    <subfield code="d">2009-11-18</subfield>
    <subfield code="i">LF1</subfield>
    <subfield code="l">0</subfield>
    <subfield code="o">xxxx R382</subfield>
    <subfield code="p">12899-10</subfield>
    <subfield code="r">2020-06-25</subfield>
    <subfield code="w">2020-06-25</subfield>
    <subfield code="y">LFPD</subfield>
    <subfield code="Z">No se presta</subfield>
  </datafield>
  <datafield tag="952" ind1=" " ind2=" ">
    <subfield code="0">0</subfield>
    <subfield code="1">0</subfield>
    <subfield code="5">3</subfield>
    <subfield code="7">2</subfield>
    <subfield code="8">PD</subfield>
    <subfield code="a">PD</subfield>
    <subfield code="b">PD</subfield>
    <subfield code="c">OI</subfield>
    <subfield code="d">2010-02-10</subfield>
    <subfield code="i">LF1</subfield>
    <subfield code="l">0</subfield>
    <subfield code="o">xxxx R382</subfield>
    <subfield code="p">12899-20</subfield>
    <subfield code="r">2020-06-25</subfield>
    <subfield code="t">e. 2</subfield>
    <subfield code="w">2020-06-25</subfield>
    <subfield code="y">LFPD</subfield>
    <subfield code="Z">No se presta</subfield>
  </datafield>
  <datafield tag="999" ind1=" " ind2=" ">
    <subfield code="c">12547</subfield>
    <subfield code="d">12547</subfield>
  </datafield>
</record>
